Things from Ohio - Statistics

General Stats
  • This quiz has been taken 22 times
  • The average score is 5 of 21
Answer Stats
Hint Answer % Correct
Basketball Star Lebron James
100%
Lake to the North Lake Erie
56%
President, Former General Ulysses S. Grant
56%
Superhero Superman
50%
Fastfood Chain Wendy's
50%
Black Animal American Black Bear
38%
Tallest Building Key Tower
31%
Cult Leader Charles Manson
25%
Music Type Rock and Roll
25%
State Beverage Tomato Juice
25%
Comedian Dave Chappelle
19%
Director Steven Spielberg
13%
Airlines use these Airplanes
6%
Food based of state icon Buckeye Bars
6%
Dead Fish Dunkleosteus
6%
Ice Cream Brand Graeter's Ice Cream
6%
Legend Musician John Legend
6%
"Hook God" Kid Cudi
6%
Theory Youtuber MatPat
6%
Horror Movie Nightmare on Elm Street
6%
Oats Quaker Oatmeal
6%
No matching quizzes found
Score Distribution
Percent of People with Each Score
Percentile by Number Answered
Your Score History
You have not taken this quiz